Abtalul Wahiyat-e Masih : / ابطال الوہیت مسیح (Record no. 29393)

MARC details
000 -LEADER
fixed length control field 00491nam a22001697a 4500
003 - CONTROL NUMBER IDENTIFIER
control field BDDh-ASL
005 - DATE AND TIME OF LATEST TRANSACTION
control field 20231015031026.0
008 - FIXED-LENGTH DATA ELEMENTS--GENERAL INFORMATION
fixed length control field 220927s1890 p ||||| |||| 00| 0 u d
040 ## - CATALOGING SOURCE
Original cataloging agency BDDh-ASL
Transcribing agency BDDh-ASL
082 ## - DEWEY DECIMAL CLASSIFICATION NUMBER
Classification number 297
Item number NUA
100 1# - MAIN ENTRY--PERSONAL NAME
9 (RLIN) 6640
Personal name Nuruddin, Maulavi
245 10 - TITLE STATEMENT
Title Abtalul Wahiyat-e Masih : / ابطال الوہیت مسیح
260 ## - PUBLICATION, DISTRIBUTION, ETC.
Place of publication, distribution, etc. Lahore :
Name of publisher, distributor, etc. Islamia Press ,
Date of publication, distribution, etc. 1890.
300 ## - PHYSICAL DESCRIPTION
Extent 44 p. :
Dimensions 22 cm.
650 #0 - SUBJECT ADDED ENTRY--TOPICAL TERM
9 (RLIN) 6641
Topical term or geographic name entry element Comparative Religion
942 ## - ADDED ENTRY ELEMENTS (KOHA)
Source of classification or shelving scheme Dewey Decimal Classification
Koha item type Books
Holdings
Withdrawn status Lost status Source of classification or shelving scheme Damaged status Not for loan Collection code Home library Current library Shelving location Date acquired Source of acquisition Serial Enumeration / chronology Total Checkouts Full call number Barcode Date last seen Copy number Price effective from Koha item type Public note
    Dewey Decimal Classification   Not For Loan Non-fiction Asiatic Society Library Asiatic Society Library General Stacks 09/27/2022 ASB Collections U-0958-A   297 NUA 117599 09/27/2022 C-1 09/27/2022 Books Y-1890

Powered by Koha